000
00318nam a2200133Ia 4500
005
20251222141905.0
008
251222s9999||||xx |||||||||||||| ||spa||
020
_a
84-7050-190-9
082
_a
291.22/A88
100
_a
Aubert, Jean-Marie
245
0
_a
Compendio de la Moral Católica
264
_b
Edicef
942
_c
LIB
999
_c
8203
_d
8203